00300nam a22000977a 4500082001200000100002600012245006000038260004100098650002300139700004000162 a200 THE aGulraiz Javaid Joyia  aTH-SOF-1485-Optimizing Work Flow for Eye Care Hospitals aIslamabadbNUST College of EMEc2017 aMS-CSE-15 MSTHESIS aSupervisor Dr. Muhammad Usman Akram